<?xml version="1.0" encoding="UTF-8"?>
<record
    xmlns:xsi="http://www.w3.org/2001/XMLSchema-instance"
    xsi:schemaLocation="http://www.loc.gov/MARC21/slim http://www.loc.gov/standards/marcxml/schema/MARC21slim.xsd"
    xmlns="http://www.loc.gov/MARC21/slim">

  <leader>00448nam a2200157Ia 4500</leader>
  <controlfield tag="008">230116s9999    xx            000 0 und d</controlfield>
  <datafield tag="020" ind1=" " ind2=" ">
    <subfield code="a">9780823002269</subfield>
  </datafield>
  <datafield tag="041" ind1=" " ind2=" ">
    <subfield code="a">eng</subfield>
  </datafield>
  <datafield tag="082" ind1=" " ind2=" ">
    <subfield code="a">720.95</subfield>
  </datafield>
  <datafield tag="100" ind1=" " ind2=" ">
    <subfield code="a">Steete J.</subfield>
    <subfield code="9">106454</subfield>
  </datafield>
  <datafield tag="245" ind1=" " ind2=" ">
    <subfield code="a">Architecture For People: The Complete Works Of Hassan Fathy.</subfield>
  </datafield>
  <datafield tag="260" ind1=" " ind2=" ">
    <subfield code="b">Whitney Library Of Design.</subfield>
    <subfield code="c">1997</subfield>
  </datafield>
  <datafield tag="300" ind1=" " ind2=" ">
    <subfield code="a">208</subfield>
  </datafield>
  <datafield tag="906" ind1=" " ind2=" ">
    <subfield code="b">37.0 </subfield>
  </datafield>
  <datafield tag="999" ind1=" " ind2=" ">
    <subfield code="c">84043</subfield>
    <subfield code="d">84043</subfield>
  </datafield>
  <datafield tag="952" ind1=" " ind2=" ">
    <subfield code="0">0</subfield>
    <subfield code="1">0</subfield>
    <subfield code="2">ddc</subfield>
    <subfield code="4">0</subfield>
    <subfield code="7">0</subfield>
    <subfield code="8">Book of B Arch</subfield>
    <subfield code="a">BNCA</subfield>
    <subfield code="b">BNCA</subfield>
    <subfield code="d">2022-12-22</subfield>
    <subfield code="e">Metro Books</subfield>
    <subfield code="g">6165.50</subfield>
    <subfield code="i">2087</subfield>
    <subfield code="l">1</subfield>
    <subfield code="o">720.95 STE</subfield>
    <subfield code="p">BNCA-BK-12094</subfield>
    <subfield code="r">2025-09-02 00:00:00</subfield>
    <subfield code="s">2025-08-26</subfield>
    <subfield code="v">9786.50</subfield>
    <subfield code="w">2023-01-16</subfield>
    <subfield code="y">RF</subfield>
    <subfield code="z">B012094</subfield>
  </datafield>
</record>
